<?xml version="1.0" encoding="UTF-8"?>
<record
    xmlns:xsi="http://www.w3.org/2001/XMLSchema-instance"
    xsi:schemaLocation="http://www.loc.gov/MARC21/slim http://www.loc.gov/standards/marcxml/schema/MARC21slim.xsd"
    xmlns="http://www.loc.gov/MARC21/slim">

  <leader>03202nam a2200565Ia 4500</leader>
  <controlfield tag="001">1425</controlfield>
  <controlfield tag="008">241029s9999    xx            000 0 und d</controlfield>
  <datafield tag="010" ind1=" " ind2=" ">
    <subfield code="a">1327</subfield>
  </datafield>
  <datafield tag="041" ind1=" " ind2=" ">
    <subfield code="a">Espa&#xF1;ol</subfield>
  </datafield>
  <datafield tag="082" ind1=" " ind2=" ">
    <subfield code="a">MCETE - 297</subfield>
  </datafield>
  <datafield tag="245" ind1=" " ind2="0">
    <subfield code="a">Incidencia de la Gesti&#xF3;n de Calidad en el Proceso Ense&#xF1;anza-Aprendizaje, en la Escuela B&#xE1;sica Juan Cris&#xF3;stomo Estrella, Moca. Primer Semestre, A&#xF1;o Escolar 2011-2012</subfield>
  </datafield>
  <datafield tag="260" ind1=" " ind2=" ">
    <subfield code="a">Espaillat</subfield>
  </datafield>
  <datafield tag="300" ind1=" " ind2=" ">
    <subfield code="a">94</subfield>
  </datafield>
  <datafield tag="520" ind1=" " ind2=" ">
    <subfield code="a">31</subfield>
  </datafield>
  <datafield tag="630" ind1=" " ind2=" ">
    <subfield code="a">Calidad</subfield>
  </datafield>
  <datafield tag="630" ind1=" " ind2=" ">
    <subfield code="a">Gesti&#xF3;n</subfield>
  </datafield>
  <datafield tag="630" ind1=" " ind2=" ">
    <subfield code="a">Incidencia</subfield>
  </datafield>
  <datafield tag="630" ind1=" " ind2=" ">
    <subfield code="a">Proceso de Ense&#xF1;anza-Aprendizaje</subfield>
  </datafield>
  <datafield tag="650" ind1=" " ind2=" ">
    <subfield code="a">Administraci&#xF3;n de la Educaci&#xF3;n</subfield>
  </datafield>
  <datafield tag="690" ind1=" " ind2=" ">
    <subfield code="a">Elaborado</subfield>
  </datafield>
  <datafield tag="700" ind1=" " ind2=" ">
    <subfield code="e">asesor</subfield>
    <subfield code="a">Bejar&#xE1;n Maldonado, Sonia</subfield>
  </datafield>
  <datafield tag="700" ind1=" " ind2=" ">
    <subfield code="e">autor</subfield>
    <subfield code="a">Hernr&#xED;quez Jamatte,  Angellina Gisselle </subfield>
  </datafield>
  <datafield tag="700" ind1=" " ind2=" ">
    <subfield code="e">autor</subfield>
    <subfield code="a">Ortiz Gonz&#xE1;lez, Minelly Altagracia </subfield>
  </datafield>
  <datafield tag="901" ind1=" " ind2=" ">
    <subfield code="a">{"1":"Hernr&#xED;quez Jamatte","2":"Ortiz Gonz&#xE1;lez"}</subfield>
    <subfield code="b">{"1":" Angellina Gisselle ","2":"Minelly Altagracia "}</subfield>
  </datafield>
  <datafield tag="902" ind1=" " ind2=" ">
    <subfield code="a">1</subfield>
  </datafield>
  <datafield tag="903" ind1=" " ind2=" ">
    <subfield code="a">{"1":"Bejar&#xE1;n Maldonado"}</subfield>
    <subfield code="b">{"1":"Sonia"}</subfield>
  </datafield>
  <datafield tag="904" ind1=" " ind2=" ">
    <subfield code="a">Mag&#xED;ster en</subfield>
  </datafield>
  <datafield tag="905" ind1=" " ind2=" ">
    <subfield code="a">Administraci&#xF3;n Escolar</subfield>
  </datafield>
  <datafield tag="906" ind1=" " ind2=" ">
    <subfield code="a">2</subfield>
  </datafield>
  <datafield tag="907" ind1=" " ind2=" ">
    <subfield code="a">NO APLICA</subfield>
  </datafield>
  <datafield tag="908" ind1=" " ind2=" ">
    <subfield code="a">NO APLICA</subfield>
  </datafield>
  <datafield tag="909" ind1=" " ind2=" ">
    <subfield code="a">Universidad Tecnol&#xF3;gica de Santiago (UTESA), Campus Central Herrera</subfield>
  </datafield>
  <datafield tag="910" ind1=" " ind2=" ">
    <subfield code="a">NULL</subfield>
    <subfield code="b">NULL</subfield>
  </datafield>
  <datafield tag="911" ind1=" " ind2=" ">
    <subfield code="a">["1"]</subfield>
  </datafield>
  <datafield tag="912" ind1=" " ind2=" ">
    <subfield code="a">NO APLICA</subfield>
  </datafield>
  <datafield tag="913" ind1=" " ind2=" ">
    <subfield code="a">NULL</subfield>
  </datafield>
  <datafield tag="914" ind1=" " ind2=" ">
    <subfield code="a">01 de Diciembre de 2011</subfield>
  </datafield>
  <datafield tag="915" ind1=" " ind2=" ">
    <subfield code="a">NULL</subfield>
  </datafield>
  <datafield tag="916" ind1=" " ind2=" ">
    <subfield code="a">NULL</subfield>
  </datafield>
  <datafield tag="917" ind1=" " ind2=" ">
    <subfield code="a">NULL</subfield>
  </datafield>
  <datafield tag="918" ind1=" " ind2=" ">
    <subfield code="a">NO APLICA</subfield>
  </datafield>
  <datafield tag="919" ind1=" " ind2=" ">
    <subfield code="a">["28","111","209","163"]</subfield>
  </datafield>
  <datafield tag="520" ind1=" " ind2=" ">
    <subfield code="a">La investigaci&#xF3;n consisti&#xF3; en evaluar como incide la gesti&#xF3;n de calidad en el proceso ense&#xF1;anza- aprendizaje en la escuela b&#xE1;sica Juan Cris&#xF3;stomo Estrella, Moca.La metodolog&#xED;a correspondiente se enfoca en el an&#xE1;lisis y la interpretaci&#xF3;n de las diferentes fuentes que se visualizan en el marco te&#xF3;rico del tema. La investigaci&#xF3;n es bibliogr&#xE1;fica, de campo y transversal.Se aprecia que el 100% de la Direcci&#xF3;n y de los estudiantes, respectivamente, as&#xED; como el 89% de los docentes respondi&#xF3; que el trabajo de la Direcci&#xF3;n incide mucho en el desarrollo del proceso de ense&#xF1;anza-aprendizaje, mientras que el 11% de los docentes afirm&#xF3; que existe poca incidencia. Se pudo comprobar con estos datos que todos los actores que participan en el desarrollo del proceso de la ense&#xF1;anza-aprendizaje est&#xE1;n de acuerdo que se logran los resultados esperados con mucha calidad, al involucrarlos de manera conscientes en la b&#xFA;squeda y construcci&#xF3;n de una escuela eficiente y con calidad.En cuanto a la consideraci&#xF3;n de los resultados alcanzados con calidad que el 100% de la Direcci&#xF3;n, el 78% de los estudiantes y el 22% de los docentes consideran que son logrados de manera excelente. El estudio evidencia que los resultados alcanzados son de calidad y que la instituci&#xF3;n se preocupa por proporcionar a sus estudiantes aprendizajes que respondan a los par&#xE1;metros que requiere la educaci&#xF3;n dominicana. A partir de estos datos, se recomienda al Ministerio de Educaci&#xF3;n gestionar proyectos que promuevan la calidad en la educaci&#xF3;n dominicana.</subfield>
  </datafield>
  <datafield tag="921" ind1=" " ind2=" ">
    <subfield code="a">11</subfield>
  </datafield>
  <datafield tag="922" ind1=" " ind2=" ">
    <subfield code="a">11</subfield>
  </datafield>
  <datafield tag="923" ind1=" " ind2=" ">
    <subfield code="a">0</subfield>
  </datafield>
  <datafield tag="924" ind1=" " ind2=" ">
    <subfield code="a">NO APLICA</subfield>
  </datafield>
  <datafield tag="942" ind1=" " ind2=" ">
    <subfield code="c">Tesis</subfield>
  </datafield>
  <datafield tag="999" ind1=" " ind2=" ">
    <subfield code="c">1327</subfield>
    <subfield code="d">1327</subfield>
  </datafield>
</record>
